A "Szegedi Kórus" bemutatkozó hangversenye
Elmentve itt :
| Dokumentumtípus: | Cikk |
|---|---|
| Megjelent: |
1947
|
| Sorozat: | Tiszatáj
1 No. 3 |
| Kulcsszavak: | Zenei élet - kórus - Szeged |
| Online Access: | http://tiszataj.bibl.u-szeged.hu/23245 |
| LEADER | 00540nab a2200169 i 4500 | ||
|---|---|---|---|
| 001 | tisza23245 | ||
| 005 | 20200330114319.0 | ||
| 008 | 161017s1947 hu o 0|| hun d | ||
| 022 | |a 0133-1167 | ||
| 040 | |a SZTE Tiszatáj Archívum |b hun | ||
| 041 | |a hun | ||
| 245 | 0 | 2 | |a A "Szegedi Kórus" bemutatkozó hangversenye |h [elektronikus dokumentum] |
| 260 | |c 1947 | ||
| 300 | |a 64-65 | ||
| 490 | 0 | |a Tiszatáj |v 1 No. 3 | |
| 695 | |a Zenei élet - kórus - Szeged | ||
| 856 | 4 | 0 | |u http://tiszataj.bibl.u-szeged.hu/23245/1/tiszataj_1947_001_011.pdf |z Dokumentum-elérés |